000 00363nam a2200145Ia 4500
008 220216s9999 xx 000 0 und d
100 _aReghu C P
245 0 _aRubber tree- A potential source of timber
260 _bRubber Board Bulletin
_c1998
300 _a8-Feb
650 _aRubberwood
650 _aTapping wound
650 _aTension wood
942 _cJS
999 _c68095
_d68095